000 00385nam a2200157Ia 4500
008 230711s9999||||xx |||||||||||||| ||und||
041 _aENG
082 _a620
_bSI-E
100 _aSingh,P.N
245 0 _aElementry mechanics of solids
250 _a1st Ed.
260 _c1988
_aNew Delhi
_bWiley Eastern Limited
650 _aMechanical Engineering
700 _aJha,P.K
942 _cBK
999 _c2712
_d2712